02335cam a2200361 a 45000010009000000050017000090080041000260200025000670200022000920400085001140820020001991000029002192450095002482460047003432500012003902600062004023000034004644900026004985000024005245040031005485050714005795200287012936500037015806500056016176500032016736510010017056530019017156550024017348300033017589420008017919990017017999520157018161044296520150514144504.0110302s2011 ctua frb 001 0 eng d a9780230285293 (pbk.) a0230285295 (pbk.) aBTCTAcBTCTAdYDXCPdCDXdBWXdORXdN15dSINIEdNJRdUKWOHdUKMGBdEG-ScBUEbeng04a153.42222bCOT1 aCottrell, Stella.93802510aCritical thinking skills :bdeveloping effective analysis and argument /cStella Cottrell.30aDeveloping effective analysis and argument a2nd ed. aBasingstoke ;aNew York, NY :bPalgrave Macmillan,c2011. axiv, 282 p. :bill. ;c25 cm.1 aPalgrave study skills aIndex : p. 280-282. aBibliography : p. 278-279.0 aWhat is critical thinking ? -- How well do you think ? : Develop your thinking skills -- What's their point ? : Identifying arguments -- Is it an argument ? : Argument and non-argument -- How well do they say it ? : Clarity, consistency and structure -- Reading between the lines : recognising underlying assumptions and implicit arguments -- Does it add up ? : Identifying flaws in the argument -- Where's the proof? : Finding and evaluating sources of evidence -- Critical reading and note-making : critical selection, interpretation and noting of source material -- Critical, analytical writing: critical thinking when writing -- Where's the analysis ? : Evaluating critical writing -- Critical reflection.8 aIdeal for students who are mystified by lecturer comments such as 'more analysis needed', this title takes the art of analysis and breaks it down into easy-to-understand blocks, with clear explanations, good examples, and plenty of activities to develop understanding at each stage. 7aCritical thinking.2BUEsh920326 7aCritical thinkingxStudy and teaching.2BUEsh93949 7aStudy skills.2BUEsh914009 2BUEsh bEEENGcMay2015 vreading book934232 0aPalgrave study skills.95519 2ddc c19359d19331 00102ddc40708BaccahaMAINbMAINcLOWd2015-05-14epurchaseg174.00h22487l6m21o153.42 COTp000038230r2025-07-15 00:00:00s2022-09-25v218.00yBB